|
|
|
|
| LEADER |
00000cac a2200000 a 4500 |
| 001 |
23453 |
| 003 |
Ucuenca |
| 005 |
20230308175238.0 |
| 008 |
993073|1990 us |||||r|||||||||||spa|| |
| 020 |
|
|
|a 92 75 71027 9
|
| 040 |
|
|
|b spa
|
| 041 |
0 |
|
|a es
|
| 082 |
0 |
|
|a 613.07
|
| 245 |
|
|
|a Evaluación para el planeamiento de programas de educación para la salud: guía para técnicos medios y auxiliares
|h imp
|
| 264 |
|
|
|a Washington D.C.
|b Organización Panamericana de la Salud
|c 1990
|
| 300 |
|
|
|a viii, 106 páginas:
|b ilu
|c 23 cm
|
| 490 |
|
|
|a Serie PALTEX para técnicos medios y auxiliares
|n no. 18
|
| 504 |
|
|
|a incl. ref.
|
| 650 |
|
0 |
|a Educacion en salud
|9 4138
|
| 650 |
|
0 |
|a Evaluacion de necesidades
|9 82573
|
| 650 |
|
0 |
|a Programas de salud
|9 88060
|
| 650 |
|
0 |
|a Salud pública
|9 108
|
| 852 |
|
|
|a UC-SALUD
|f Donación
|l 1
|m General
|p 19930730
|q S/. 2.000
|t 23453
|b 0
|d CDRS
|e CDRS
|g 362.1
|z 1993-30-73
|
| 942 |
|
|
|c CR
|0 2
|2 ddc
|z margoth.maza@ucuenca.edu.ec
|
| 999 |
|
|
|c 49209
|d 49209
|